[Event "Locri op 3rd"]
[Site "Locri"]
[Date "2015.07.17"]
[Round "7"]
[White "Manti, Elisa"]
[Black "Strangio, Giuseppe"]
[Result "1-0"]
[WhiteElo "1481"]
[BlackElo "1468"]
[PlyCount "79"]
[EventDate "2015.07.13"]
[EventType "swiss"]
[EventRounds "9"]
[EventCountry "ITA"]
[SourceTitle "EXT 2024"]
[Source "ChessBase"]
[SourceDate "2023.10.10"]
[SourceVersion "1"]
[SourceVersionDate "2023.10.10"]
[SourceQuality "1"]

1. e4 c5 2. Nc3 Nc6 3. Bc4 Nf6 4. d3 e6 5. f4 d5 6. Bb3 Be7 7. h3 0-0 8. Nf3 Na5 9. Ne2 dxe4 10. Ne5 Nxb3 11. axb3 exd3 12. cxd3 Nd5 13. 0-0 b6 14. Qe1 Nb4 15. Qg3 Bb7 16. f5 Nc6 17. Kh1 Nxe5 18. Qxe5 Qd5 19. Qg3 exf5 20. Nc3 Qd6 21. Qxd6 Bxd6 22. Rxf5 Rfe8 23. Bd2 Rad8 24. Rxa7 Bc8 25. Rfxf7 Be5 26. Rf3 Be6 27. Rb7 Bd5 28. Nxd5 Rxd5 29. Re3 Rdd8 30. Rxb6 Bxb2 31. Rb5 Rxe3 32. Bxe3 Rxd3 33. Bxc5 Rd1+ 34. Kh2 Be5+ 35. g3 Rd5 36. h4 Bd6 37. b4 h5 38. Ra5 Kh7 39. Bxd6 Rxd6 40. Rxh5+ 1-0